Hint | Answer | % Correct |
---|---|---|
〇〇〇•市役所前 | 熊本市 | 85%
|
市役所前 | 鹿児島市 | 80%
|
〇〇市役所前 | 京都市 | 80%
|
市役所前 | 広島市 | 80%
|
市役所前 | 千葉市 | 79%
|
市役所前 | 函館市 | 75%
|
市役所前 | 松山市 | 73%
|
市役所前 | 豊橋市 | 71%
|
市役所 | 長崎市 | 71%
|
市役所前 | 長野市 | 64%
|
〇〇〇市役所前 | 各務原市 | 59%
|
〇〇市役所前 | 大津市 | 50%
|
〇〇市役所前 | 羽島市 | 43%
|
〇市役所前 | 関市 | 36%
|
〇〇市役所前 | 瀬戸市 | 31%
|
〇〇〇市役所前 | 廿日市市 | 29%
|
市役所前 | 御坊市 | 28%
|
〇〇市役所前 | 掛川市 | 26%
|
〇〇市役所 | 南陽市 | 25%
|
〇〇市役所前 | 貝塚市 | 15%
|
Copyright H Brothers Inc, 2008–2024
Contact Us | Go To Top | View Mobile Site